000 009470000a22002530004500
003 LK-CoMWRAF
005 20240229151111.0
008 230817t2001 ||||| |||| 00| 0 eng d
040 _aLK-CoMWRAF
_dLK-CoMWRAF
_eLK-CoMWRAF
041 _aeng
082 _a303.64
_bGAU
100 _aGautam, Shobha
245 _aWomen and children in the periphery of peoples' war:
_b(Prepared on the basis of on a field study of Rukum, Rolpa, Jajarkot and Gorkha)
260 _aKathmandu :
_bInstitute of Human Rights Communications Nepal (IHRICON),
_c2001
300 _a169 p.
_bBibliography included
650 _aHuman rights- Nepal
650 _aCommunism- Nepal
650 _aWomen - Social conditions Nepal
650 _a Children-Social conditions.Nepal
650 _aNepal -Politics and government
700 _aKoirala, Tirtha
_eed.
856 _uhttps://nepalconflictreport.ohchr.org/files/docs/2001-12-00_report_ihricon_eng.pdf
942 _cBK
999 _c2296
_d2296